Introduction to probability and statistics

Αποθηκεύτηκε σε:
Λεπτομέρειες βιβλιογραφικής εγγραφής
Κύριος συγγραφέας: Giri, Narayan C. 1928-
Μορφή: Βιβλίο
Γλώσσα:English
Δημοσίευση: New York : Marcel Dekker, 1993
Έκδοση:2nd ed., rev., exp.
Σειρά:Statistics, textbooks and monographs ; ; 136
Θέματα:
Ετικέτες: Προσθήκη ετικέτας
Δεν υπάρχουν, Καταχωρήστε ετικέτα πρώτοι!

MARC

LEADER 00000nam a2200000 i 4500
001 1/47274
008 040121s1993 eng d
020 |a 0-8247-9037-5 
035 |l 10072048 
040 |a GR-MY-UA  |b gre  |e aacr 
041 0 |a eng 
082 0 |a 519.5 
100 1 |a Giri, Narayan C.  |d 1928- 
245 1 0 |a Introduction to probability and statistics /  |c Narayan C. Giri 
250 |a 2nd ed., rev., exp. 
260 |a New York :   |b Marcel Dekker,   |c 1993 
300 |a 537 p. 
490 1 |a Statistics, textbooks and monographs  |v ; 136 
504 |a Includes bibliographical references and index 
650 0 0 |a Probabilities. 
650 0 0 |a Mathematical statistics. 
830 0 |a Statistics, textbooks and monographs ;  |v ; 136 
852 |a INST  |b RHODES  |e 20040121  |h 519.5 GIR  |p 005400019831  |q 005400019831  |t BK  |y 0 
901 |a BIBL4-2004-1 
909 |a Ρ  |b 108160 
922 |a 4ΕΛΗ  |b 200312  |c ΕΠΕΑΕΚ2/ΠΤΔΕ  |d ΜΙΧΑΛΟΠΟΥΛΟΣ 
950 |a 095-2003-10-18 
970 |a ΚΟΥΛΑΚΙΟΤΗ  |b ΛΙΤΣΑ  |z 2004/01/21